000 00494nam a2200181Ia 4500
008 090124s9999 xx 000 0 und d
082 _b47469
100 _aनायक दत्ता
245 _a आत्मदीपो भव
250 _a1
260 _c2008
300 _a164
600 _aनायक दत्ता
630 _a आत्मदीपो भव
700 _aनायक दत्ता
730 _a आत्मदीपो भव
942 _cBOOK
999 _c113764
_d113764